Sports Quiz

Random Sports or Decade Quiz

Top MLB Players for the Next Decade Quiz Stats

 Plays Quiz not verified by Sporcle

Challenge
Share
Tweet
Embed
Score 0/41 Timer 05:00
0 Plays Today
Position, 2010 Team Player % Correct
C - TwinsJoe Mauer
96.3%
SS - MarlinsHanley Ramirez
93.7%
3B - RaysEvan Longoria
93%
1B - CardinalsAlbert Pujols
92.5%
1B - BrewersPrince Fielder
91.6%
RHP - GiantsTim Lincecum
90.5%
OF - BrewersRyan Braun
89.4%
RHP - RoyalsZack Greinke
86.6%
3B - MetsDavid Wright
86.4%
RHP - MarinersFelix Hernandez
84%
CF - OriolesAdam Jones
81.9%
2B - YankeesRobinson Cano
80.5%
OF - DiamondbacksJustin Upton
77.9%
LHP - Red SoxJon Lester
77%
RHP - NationalsStephen Strasburg
74.6%
RHP - TigersJustin Verlander
73.6%
OF - DodgersMatt Kemp
70.8%
1B - TigersMiguel Cabrera
68.3%
3B - NationalsRyan Zimmerman
65.2%
CF - PiratesAndrew McCutchen
63.5%
SS - RangersElvis Andrus
61.6%
Position, 2010 Team Player % Correct
SS - RockiesTroy Tulowitzki
58%
LHP - RaysDavid Price
57.6%
LHP - DodgersClayton Kershaw
54.1%
C - OriolesMatt Wieters
53.8%
OF - BravesJason Heyward
51.9%
OF - IndiansGrady Sizemore
44.6%
3B - White SoxGordon Beckham
41.1%
RHP - BravesTommy Hanson
40.8%
RHP - BrewersYovani Gallardo
40%
C - College of Southern NevadaBryce Harper
39.3%
RP - RangersNeftali Feliz
34.9%
3B - PiratesPedro Alvarez
32.6%
RHP - TigersRick Porcello
31.9%
C - IndiansCarlos Santana
30.2%
OF - MarlinsMike Stanton
29.7%
LHP - A'sBrett Anderson
26.3%
C - YankeesJesus Montero
25.6%
SS - BrewersAlcides Escobar
25.3%
RHP - PadresMat Latos
17.6%
RHP - LSUAnthony Ranaudo
2.4%

You're not logged in!

Compare scores with friends on all Sporcle quizzes.
Join for Free
OR
Log In

You Might Also Like...

Show Comments

Extras

Top Quizzes Today


Score Distribution

Your Account Isn't Verified!

In order to create a playlist on Sporcle, you need to verify the email address you used during registration. Go to your Sporcle Settings to finish the process.

Report this User

Report this user for behavior that violates our Community Guidelines.

Details: